<?xml version="1.0" encoding="UTF-8"?>
<record
    xmlns:xsi="http://www.w3.org/2001/XMLSchema-instance"
    xsi:schemaLocation="http://www.loc.gov/MARC21/slim http://www.loc.gov/standards/marcxml/schema/MARC21slim.xsd"
    xmlns="http://www.loc.gov/MARC21/slim">

  <leader>00334nam a2200121Ia 4500</leader>
  <controlfield tag="008">230724s2012    xx                  und d</controlfield>
  <datafield tag="020" ind1=" " ind2=" ">
    <subfield code="a">9788190662529</subfield>
  </datafield>
  <datafield tag="041" ind1=" " ind2=" ">
    <subfield code="a">eng</subfield>
  </datafield>
  <datafield tag="100" ind1=" " ind2=" ">
    <subfield code="a">BRANDS U.</subfield>
  </datafield>
  <datafield tag="245" ind1=" " ind2=" ">
    <subfield code="a">DESIGN BY USE THE EVERYDAY METAMORPHOSIS</subfield>
  </datafield>
  <datafield tag="260" ind1=" " ind2=" ">
    <subfield code="b">BOARD OF INTERNATIONAL RESEARCH IN DESIGN BORD</subfield>
    <subfield code="c">2012</subfield>
  </datafield>
  <datafield tag="300" ind1=" " ind2=" ">
    <subfield code="a">192</subfield>
  </datafield>
  <datafield tag="999" ind1=" " ind2=" ">
    <subfield code="c">1174808</subfield>
    <subfield code="d">1174808</subfield>
  </datafield>
  <datafield tag="952" ind1=" " ind2=" ">
    <subfield code="0">0</subfield>
    <subfield code="1">0</subfield>
    <subfield code="4">0</subfield>
    <subfield code="7">0</subfield>
    <subfield code="a">ARP</subfield>
    <subfield code="b">ARP</subfield>
    <subfield code="d">2024-07-23</subfield>
    <subfield code="e">BHARATI MADYAWARTI SAHAKARI GRAHAK BHANDAR LTD.</subfield>
    <subfield code="g">2432.00</subfield>
    <subfield code="l">0</subfield>
    <subfield code="p">ARP-BARCH-3664</subfield>
    <subfield code="r">2024-07-23 00:00:00</subfield>
    <subfield code="w">2024-07-23</subfield>
    <subfield code="y">BK</subfield>
  </datafield>
</record>
